Latex rubber products industry in India : Yearning for a planned growth (Record no. 62076)

MARC details
000 -LEADER
fixed length control field 00335nam a2200121Ia 4500
245 #0 - TITLE STATEMENT
Title Latex rubber products industry in India : Yearning for a planned growth
260 ## - PUBLICATION, DISTRIBUTION, ETC. (IMPRINT)
Name of publisher Rubber Asia
Year of publication 2003
300 ## - PHYSICAL DESCRIPTION
Number of Pages 73-76
650 ## - SUBJECT ADDED ENTRY--TOPICAL TERM
Topical Term Global consumption
650 ## - SUBJECT ADDED ENTRY--TOPICAL TERM
Topical Term Latex rubber
942 ## - ADDED ENTRY ELEMENTS (KOHA)
Koha item type Journals
Holdings
Withdrawn status Lost status Damaged status Not for loan Home library Current library Shelving location Date acquired Serial Enumeration / chronology Koha item type
      Journals RRII Library RRII Library Agricultural economics 24/04/2003 Volume 17, Issue 2 Journals